| 000 | 01665nam a22001577a 4500 | ||
|---|---|---|---|
| 041 | _aukr | ||
| 080 | _a09 | ||
| 090 | _bБОС | ||
| 100 | _aБосик О.С. | ||
| 245 | _aМовленнєві етикетні формули: лексико-синтаксичні аспекти (на прикладі англійської та французької мов) | ||
| 260 |
_aОстрог _bКАФ _c2009 |
||
| 300 | _a47 | ||
| 520 |
_aВСТУП
РОЗДІЛ 1 АСПЕКТИ ВИВЧЕННЯ ЕТИКЕТНИХ КОНСТРУКЦІЙ У СУЧАСНОМУ МОВОЗНАВСТВІ
1.1 Мовленнєвий етикет як предмет лінгвістичних студій.
1.2 Компоненти, характеристики та функції мовленнєвого етикету.
1.3 Категорія ввічливості в лінгвокультурологічному аспекті.
РОЗДІЛ 2 ОСОБЛИВОСТІ ВЖИВАННЯ МОВЛЕННЄВИХ ЕТИКЕТНИХ ВИРАЗІВ В АНГЛІЙСЬКІЙ ТА ФРАНЦУЗЬКІЙ МОВАХ
2.1 Соціолінгвістичні аспекти англійського та французького мовленнєвого етикету.
2.2 Лексико-синтаксичні засоби вираження привітання.
2.3 Лексико-синтаксичні особливості тематичної групи прощання.
2.4 Лексико-синтаксичні аспекти вираження подяки.
ВИСНОВКИ _0етикетні вирази, мовознавство |
||
| 650 | _aResearch Papers | ||
| 999 |
_c284139 _d284139 |
||
| 942 | _cBK | ||